Toefl Ibt insider wrting

Tallennettuna:
Bibliografiset tiedot
Aineistotyyppi: Kirja
Julkaistu: 2008
Tagit: Lisää tagi
Ei tageja, Lisää ensimmäinen tagi!
Thư viện lưu trữ: Mạng thư viện Đại học Đà Nẵng
LEADER 00447nam a22001811a 4500
001 000038363
003 14658
005 20160412021302.0
008 160412s2008 000
082 |a 4A(07)2400-03 
245 |a Toefl Ibt insider wrting  |c Study Smarter Not Harder 
260 |c 2008 
OWN |a LNN 
999 |a From the UDN01 
TYP |a Monograph 
980 |a Mạng thư viện Đại học Đà Nẵng